Chemistry
| Main Authors: | , |
|---|---|
| Format: | Section = Libro |
| Language: | Undetermined Spanish |
| Published: |
United States
Prentice Hall
1958
|
| Edition: | 3a.ed. |
| Subjects: |
| LEADER | 00519nam a2200217Ia 4500 | ||
|---|---|---|---|
| 008 | 240830s9999 xx 000 0 und d | ||
| 020 | |a 13-128926-8 | ||
| 040 | |a CEDOC FIQ-RUSB / 540 Q1 | ||
| 041 | |a spa | ||
| 082 | |a 540 Q1 | ||
| 100 | 1 | |a Quagliano, J. V | |
| 100 | 1 | |b Vallarino, L. M | |
| 245 | 1 | 0 | |a Chemistry |
| 250 | |a 3a.ed. | ||
| 260 | |a United States |b Prentice Hall |c 1958 | ||
| 300 | |a 844 p.: il. | ||
| 650 | 7 | |a QUÍMICA GENERAL | |
| 650 | 7 | |b EL ESTADO GASEOSO | |
| 942 | |c BK |2 ddc | ||
| 991 | |a TEXTO | ||
| 999 | |c 13805 | ||